000 00495cam a22002171 4500
001 sa 68009132
003 DLC
005 20260227112540.0
008 890811s1966 ii 000 0 beno
010 _asa 68009132
035 _a(OCoLC)20162202
040 _aDLC
_cWaU
_dDLC
042 _apremarc
050 0 0 _aPK1718.D475
_bS4
100 1 _aDey, Bishnu.
245 1 0 _aSei andhakāra cāi.
260 _c[1966]
300 _a71 p.
_c23 cm.
500 _aIn Bengali.
500 _aPoems.
999 _c82739
_d82739